Tìm kiếm ảnh theo nội dụng sử dụng kỹ thuật học sâu với mạng nơ-ron tích chập : Luận văn thạc sĩ Công nghệ Thông tin chuyên ngành: Hệ thống Thông tin

Trình bày về mạng nơ-ron nhân tạo và mạng nơ-ron tích chập. Trình bày mô hình mạng nơ-ron tích chập cho hệ thống kiếm ảnh theo nội dung. Trình bày chuẩn hoá ảnh, làm giàu dữ liệu thực nghiệm. Trình bày kết quả thực nghiệm và so sánh, đánh g...

全面介紹

Đã lưu trong:
書目詳細資料
主要作者: Lê, Hoàng Nhí
格式: 圖書
語言:Undetermined
出版: Cần Thơ Trường đại học Cần Thơ 2018
主題:
標簽: 添加標簽
沒有標簽, 成為第一個標記此記錄!
Thư viện lưu trữ: Trung tâm Học liệu Trường Đại học Cần Thơ
LEADER 01324nam a2200217Ia 4500
001 CTU_228358
008 210402s9999 xx 000 0 und d
082 |a 006.32 
082 |b Nh300 
088 |a 60480104 
100 |a Lê, Hoàng Nhí 
245 0 |a Tìm kiếm ảnh theo nội dụng sử dụng kỹ thuật học sâu với mạng nơ-ron tích chập : 
245 0 |b Luận văn thạc sĩ Công nghệ Thông tin chuyên ngành: Hệ thống Thông tin 
245 0 |c Lê Hoàng Nhí ; Trương Quốc Định (hướng dẫn khoa học) 
260 |a Cần Thơ 
260 |b Trường đại học Cần Thơ 
260 |c 2018 
520 |a Trình bày về mạng nơ-ron nhân tạo và mạng nơ-ron tích chập. Trình bày mô hình mạng nơ-ron tích chập cho hệ thống kiếm ảnh theo nội dung. Trình bày chuẩn hoá ảnh, làm giàu dữ liệu thực nghiệm. Trình bày kết quả thực nghiệm và so sánh, đánh giá kết quả của mô hình với các phương pháp khác. 
650 |a Mạng Nơ-ron (Khoa học máy tính),Neural networks (Computer science) 
910 |b dqhieu 
980 |a Trung tâm Học liệu Trường Đại học Cần Thơ